[Event "EU-ch U18 26th"]
[Site "Prague"]
[Date "2016.08.22"]
[Round "5"]
[White "Triger, Ramon"]
[Black "Percivaldi, Martin"]
[Result "1/2-1/2"]
[WhiteElo "2215"]
[BlackElo "2361"]
[PlyCount "87"]
[EventDate "2016.08.18"]
[EventType "swiss"]
[EventRounds "9"]
[EventCountry "CZE"]
[SourceTitle "CBM 174 Extra"]
[Source "ChessBase"]
[SourceDate "2016.10.10"]
[SourceVersion "1"]
[SourceVersionDate "2016.10.10"]
[SourceQuality "1"]

1. Nf3 d5 2. g3 c6 3. Bg2 Nf6 4. 0-0 Bf5 5. d3 e6 6. Nbd2 Be7 7. Qe1 h6 8. e4 Bh7 9. Qe2 a5 10. a4 Na6 11. b3 Nb4 12. Ne1 dxe4 13. Nxe4 0-0 14. Bb2 Nxe4 15. dxe4 Qc7 16. Nd3 Rfd8 17. Nxb4 axb4 18. Rad1 e5 19. Rxd8+ Rxd8 20. Rd1 f6 21. Rxd8+ Qxd8 22. Bh3 Kh8 23. Be6 Bc5 24. Kg2 Qe7 25. Bc4 Bg6 26. Qg4 Qe8 27. f3 b6 28. Qe6 Qxe6 29. Bxe6 Be8 30. Bc1 Bd4 31. Bd2 c5 32. Kf1 Bc6 33. Ke2 g5 34. g4 Kg7 35. Kd3 Kf8 36. c3 Bxc3 37. Bxc3 bxc3 38. Kxc3 Ke7 39. Bc4 Be8 40. Bd5 Kd6 41. Bc4 h5 42. h3 h4 43. Bb5 Bf7 44. Bc4 1/2-1/2